V censo nacional agropecuario: año agrícola 1975-1976. III Región de Atacama
Gardado en:
| Autor Corporativo: | |
|---|---|
| Formato: | Libro |
| Idioma: | Lingua castelá |
| Publicado: |
Santiago
Ministerio de Economía, Fomento y Reconstrucción
1981
Santiago INE 1981 |
| Subjects: | |
| Tags: |
Engadir etiqueta
Sen Etiquetas, Sexa o primeiro en etiquetar este rexistro!
|
MARC
| LEADER | 00000nam a2200000 a 4500 | ||
|---|---|---|---|
| 001 | UCK1399 | ||
| 003 | CL-VaPUC | ||
| 008 | 041112e19810000cl |||||||||||||||||spa|d | ||
| 082 | 0 | 4 | |a 630.201 |b MIN |2 21 |
| 110 | 2 | |a Ministerio de Economía, Fomento y Reconstrucción |e author |9 489199 | |
| 245 | 1 | 0 | |a V censo nacional agropecuario: año agrícola 1975-1976. III Región de Atacama |
| 300 | |a 176 p | ||
| 942 | |c BK | ||
| 945 | |d 20041112 00:00:00 |a cmena | ||
| 260 | |a Santiago |b Ministerio de Economía, Fomento y Reconstrucción |c 1981 | ||
| 260 | |a Santiago |b INE |c 1981 | ||
| 650 | 0 | |a Agricultura |9 255598 | |
| 650 | 0 | |a Producción agrícola |9 353481 | |
| 650 | 0 | |a Estadísticas |9 258644 | |
| 651 | 7 | |a REGION DE ATACAMA |2 CL-VaPUC |9 489200 | |
| 583 | |a last modification |c 20171123 01:13:34 |k Rodrigo Vera | ||
| 999 | |c 311369 |d 311367 | ||
| 952 | |0 0 |1 0 |4 0 |6 630_201000000000000_MIN_1981_1981 |7 0 |8 X |9 380748 |a BIBING |b BIBING |d 2019-11-21 |i 4075528 |o 630.201 MIN 1981 1981 |p 4075528 |r 2025-01-20 |w 2019-11-21 |y BK_X |k GEO | ||